000 00760nam a2200217Ia 4500
003 GCL
008 140319s9999 xx 000 0 ara d
040 _aGCL /
_cGCL
082 0 4 _a189.1
_bا ش
100 1 _aسعيد زايد (محقق)
245 1 0 _aالشفاء الطبيعات :
_b1- السماع الطبيعى /
_cسعيد زايد (محقق)
700 1 _aابراهيم مدكور
260 _aالقاهرة :
_bالهيئة المصرية العامة للكتاب ،
_c1970
300 _a333 ص ؛
_c30 سم
650 0 4 _aالتراث
650 0 4 _aالتراث الاسلامى
650 0 4 _aالعلوم عند العرب
650 0 4 _aالتاريخ الطبيعى
650 0 4 _aالحضارة الاسلامية
942 _2ddc
_cBK
999 _c29977
_d29977